| 000 | 01301cam a22002771i 4500 | ||
|---|---|---|---|
| 003 | SA-RiAUC | ||
| 005 | 20250825062141.0 | ||
| 008 | 250822s1980 su g f000 0 ara c | ||
| 040 |
_aSA-MuMU _bara _cSA-RiAUC _erda |
||
| 082 | 0 | 4 |
_a414 _qSA-RiAUC |
| 090 |
_a414 _bا ب ن ك |
||
| 100 | 1 |
_aابن كمال، أحمد بن سليمان، _cباشا، _dتوفي 940 هجري _eمؤلف. |
|
| 245 | 1 | 0 |
_aرسائل ابن كمال باشا اللغوية / _cتأليف شمس الدين أحمد بن سليمان بن كمال ؛ تحقيق ناصر بن سعد الرشيد. |
| 264 | 1 |
_aالرياض : _bالنادي الأدبي، _c1980 |
|
| 300 |
_aمجلد ؛ _c18 سم. |
||
| 336 |
_aنص _btxt _2rdacontent _3كتاب |
||
| 337 |
_aبدون وسيط _bn _2rdamedia |
||
| 338 |
_aمجلد _bnc _2rdacarrier |
||
| 490 | 0 |
_aكتاب الشهر ؛ _v26 |
|
| 650 | 7 |
_aالبلاغة العربية _2aucsh |
|
| 650 | 7 |
_aاللغة العربية _xنحو _2aucsh |
|
| 700 | 1 |
_aالرشيد، ناصر بن سعد، _d1360 هجري- _eمحقق. |
|
| 700 | 1 | 2 |
_iتحقيق لـ (عمل) : _aابن كمال، أحمد بن سليمان، _cباشا، _dتوفي 940 هجري. _tرسائل ابن كمال باشا اللغوية. |
| 942 |
_2ddc _cBOOK _n0 |
||
| 949 |
_aSA-JeALM _d250822 _umohamedma123 _n1 |
||
| 999 |
_c11081 _d11081 |
||